Statistics for Minnesota Timberwolves Leaders Per Year

Click here to take the quiz!

General Stats

  • This quiz has been taken 232 times
    (40 since last reset)
  • The average score is 13 of 42

Answer Stats

Player % Correct
Kevin Garnett
100%
Karl-Anthony Towns
97%
Andrew Wiggins
88%
Kevin Love
76%
Ricky Rubio
74%
Jeff Teague
68%
Jimmy Butler
62%
Sam Cassell
53%
Wesley Johnson
50%
Gorgui Dieng
47%
Micheal Williams
47%
Christian Laettner
41%
Tyus Jones
38%
Stephon Marbury
35%
Nikola Pekovic
35%
Isaiah Rider
32%
Al Jefferson
32%
Terrell Brandon
26%
Tom Gugliotta
26%
Sam Mitchell
24%
Doug West
21%
Randy Breuer
18%
Pooh Richardson
18%
Zach LaVine
15%
Corey Brewer
15%
Ricky Davis
15%
Luke Ridnour
15%
Felton Spencer
12%
Tony Campbell
12%
Darko Milicic
12%
Chauncey Billups
12%
Sebastian Telfair
12%
Jonny Flynn
12%
Terry Porter
9%
Marko Jaric
9%
Eddie Griffin
6%
Tyrone Corbin
6%
Winston Garland
3%
Greg Stiemsma
3%
Thurl Bailey
3%
Thaddeus Young
0%
Dante Cunningham
0%

Score Distribution

Percentile by Number Answered

Percent of People with Each Score

Your Score History

You have not taken this quiz since the last reset